Harry Potter - By the Numbers - Statistics

General Stats
  • This quiz has been taken 162 times
  • The average score is 58 of 72
Answer Stats
Number Clue Answer % Correct
4 Champions Harry
95%
6 D.A. Members in the Ministry Harry
95%
Harry
95%
2 Twins Fred
90%
Fred
90%
Fred
90%
George
90%
George
90%
George
90%
5 Names of the Headmaster Albus
89%
6 Fake Harrys Ron
89%
Ron
89%
Ron
89%
Ginny
87%
Ginny
87%
9 Weasleys Arthur
86%
Cedric
86%
Molly
86%
Percy
86%
Snape
86%
Viktor
86%
Bill
85%
4 Headmasters of Hogwarts in Harry's Time Dumbledore
85%
Dumbledore
85%
Fleur
85%
Fleur
85%
4 Founders/Houses Gryffindor
85%
Hermione
85%
Hermione
85%
Hufflepuff
85%
6 Ghosts at Hogwarts Nearly Headless Nick
85%
Ravenclaw
85%
Resurrection Stone
85%
Slytherin
85%
Charlie
84%
Nagini
84%
Nagini
84%
7 Horcruxes Riddle's Diary
83%
The Chamber of Secrets
83%
The Goblet of Fire
83%
The Half-Blood Prince
83%
The Prisoner of Azkaban
83%
8 Books of Harry Potter The Sorcerer's Stone
83%
Hufflepuff's Cup
82%
3 Deathly Hallows (be specific) Elder Wand
81%
McGonagall
81%
The Deathly Hallows
81%
Gaunt's Ring
80%
Invisibility Cloak
80%
The Order of the Phoenix
80%
Umbridge
80%
Bloody Baron
77%
Ravenclaw's Diadem
77%
1 Potter who befriended a Malfoy (both names) Albus Severus
76%
Luna
73%
Padma
73%
Slytherin's Locket
73%
Neville
72%
Grey Lady
71%
Mundungus
71%
Brian
70%
2 Twins Parvati
69%
The Cursed Child
69%
Percival
68%
Fat Friar
67%
Wulfric
66%
2 Heir of Slytherin's Serpentine Friend Basilisk
65%
Moaning Myrtle
64%
Ignotus
63%
Cadmus
56%
3 Peverell Brothers Antioch
49%
Professor Binns
39%
No matching quizzes found
Score Distribution
Percent of People with Each Score
Percentile by Number Answered
Your Score History
You have not taken this quiz